00747nam a2200181 i 450000100060000000300090000600500170001500700030003200800410003508000340007610000480011024500980015826000470025630000210030350001550032460000620047985200240054167246ES-MaACL20230906170021.0t|040513s1996 sp |||| | spa d a821.134.2 Alas, Leopoldo 1.070 aGómez-Tabanera, José Manuel,d1926-201110aLeopolda Alas "Clarín" b: del romanticismo al realismo / cJosé Manuel Gómez-Tabanera. aOviedo : bJ.M. Gómez-Tabanera, c[1996] a11 p. ; c21 cm. aTexto de la comunicación presentada al I Coloquio "Del Romanticismo al Realismo", organizado por la Sociedad de Literatura Española del Siglo XIX.14aAlas, Leopoldo,d1852-1901-xCrítica e interpretación aES-MaACLj2178-F-28